Регионална библиотека "Любен Каравелов" - Русе

Плюшки еднорози (Запис номер 523253)

MARC детайли
000 -Лидер
Лидер 01258nam a2200313 a 4500
003 - Код на организацията, давaща контролен номер
Код на организацията, даваща контролен номер BLK
005 - Дата и час на последна редакция
Дата и час на последна редакция 20250721135502.0
008 - Елементи от данни с фиксирана дължина
Елементи с фиксирана дължина 180411b bul|||||r ||||||| ||bul||
020 ## - Международен стандартен номер на книга ISBN
ISBN 9786197339420
040 ## - Източник на каталожния запис
Код на библиотеката BLK
041 ## - Код за език
Език Български
Език за КДБФ Български
080 ## - УДК
УДК текст Белгийска литература
УДК код 821.133.1(493)
УДК – определител -93-32
УДК – код + определител 821.133.1(493)-93-32
080 ## - УДК
УДК текст Карикатура. Комикс
УДК код 741.5
УДК – определител (493)
УДК – код + определител 741.5(493)
100 1# - Редна дума - Автор
Автор Дормал, Алекси
R(LIN) 64702
245 10 - Сведения за заглавието
Заглавие Плюшки еднорози
Авторска отговорност Алекси Дормал, Доминик Рок; прев. Десислава Йорданова.
257 ## - Страна на издаване
Страна на създаване/издаване Белгия
260 ## - Област на издателските данни
Място на издаване София
Име на издателя Пурко
Година на издаване 2024
300 ## - Физическа характеристика
Брой страници 28 с.
Илюстрации с цв. ил.
Размер 17х23 см
380 ## - Жанр
Жанр Детска худож. лит.
490 ## - СЕРИИ (Колекции)
9 (RLIN) 209357
Серия Ана Ана
500 ## - Общи забележки
Обща забележка Ориг. загл. Ana Ana - Les doudous licornes / by Dormal, Roquest
653 ## - Ключова дума – ненормативна
Ключови думи комикси
700 1# - Други автори (авторска отговорност)
Друг автор Рок, Доминик
9 (RLIN) 116795
700 1# - Други автори (авторска отговорност)
Друг автор Йорданова, Десислава Любомирова
9 (RLIN) 74028
852 ## - Местоположение
Отдел Детски отдел
Систематично-азбучна сигнатура 821-93/Д 80 А
942 ## - АРТИКУЛИ
Вид на библиотечния документ Книги
Скрит в OPAC Не
Koha issues (borrowed), all copies 12
944 ## - СЪЗДАВАНЕ И РЕДАКЦИЯ на ЗАПИСА
Създаване/Редакция
Дата на регистрацията/редакция Севдалина Тодорова
Служител, извършил регистрацията/редакцията 30564
Номер на служител Анна Гръцманова
999 ## - СИСТЕМНИ КОНТРОЛНИ НОМЕРА
Koha biblionumber 523253
Koha biblioitemnumber 523253
Наличности
Код за отписване Код за изгубен артикул Източник на класификационната схема Код за повреда Код за отдаване Артикулен № Име на библиотеката - собственик Име на библиотеката, в която се намира в момента Статус (Текущо местоположение) Дата на вписване в системата Местоположение - отдел Цена в лева Инвентарен номер Систематично азбучна сигнатура Баркод Цена в евро Служебен тип на артикула
  Не е изгубен Universal Decimal Classification Не е повреден заемане за дома 956253 Регионална библиотека "Любен Каравелов" Русе Регионална библиотека "Любен Каравелов" Русе Детски отдел 2024-12-12 Детски отдел 7.47 120000915423 821-93/Д 80 А 120000915423 3.82 Книги
  Не е изгубен Universal Decimal Classification Не е повреден заемане за дома 956254 Регионална библиотека "Любен Каравелов" Русе Регионална библиотека "Любен Каравелов" Русе Детски отдел 2024-12-12 Детски отдел 7.47 120000915425 821-93/Д 80 А 120000915425 3.82 Книги
  Не е изгубен Universal Decimal Classification Не е повреден заемане за дома 956255 Регионална библиотека "Любен Каравелов" Русе Регионална библиотека "Любен Каравелов" Русе Детски отдел 2024-12-12 Детски отдел 7.47 120000915424 821-93/Д 80 А 120000915424 3.82 Книги
Vip Innovations Ltd, Rousse, Bulgaria 2025